000 00584nam a22001817a 4500
003 CEME
005 20210628210208.0
008 210215b xxu||||| |||| 00| 0 eng d
020 _a81-7649-144-6
040 _c.
082 _a651.74 BOW
100 _aBowden. John
_978459
245 _aWriting good reports use the professional approach discover writing and layout techniques write successful reports with confidence
260 _aNEW DELHI
_bVIVA BOOK
_c2000
300 _a77P
650 _aGOOD REPORTS WRITING REPORTS WRITING-GOOD REPORT WRITING-GO
_978460
942 _cBK
_2ddc
999 _c583576
_d583576